Cabbagetown; (Record no. 18722)
[ view plain ]
| 000 -LEADER | |
|---|---|
| fixed length control field | 00839cam a2200253 4500 |
| 001 - CONTROL NUMBER | |
| control field | cabbagetownnovel00garn |
| 003 - CONTROL NUMBER IDENTIFIER | |
| control field | CaSfIA |
| 005 - DATE AND TIME OF LATEST TRANSACTION | |
| control field | 20230525154824.0 |
| 007 - PHYSICAL DESCRIPTION FIXED FIELD--GENERAL INFORMATION | |
| fixed length control field | cr|||| |
| 008 - FIXED-LENGTH DATA ELEMENTS--GENERAL INFORMATION | |
| fixed length control field | 700910s1968 onc 000 1 eng |
| 010 ## - LIBRARY OF CONGRESS CONTROL NUMBER | |
| LC control number | 78378492 |
| 015 ## - NATIONAL BIBLIOGRAPHY NUMBER | |
| National bibliography number | C*** |
| 035 ## - SYSTEM CONTROL NUMBER | |
| System control number | (DLC) 78378492 |
| 040 ## - CATALOGING SOURCE | |
| Original cataloging agency | DLC |
| Transcribing agency | DLC |
| Modifying agency | DLC |
| -- | BIBLIOS |
| -- | CaSfIA |
| 050 00 - LIBRARY OF CONGRESS CALL NUMBER | |
| Classification number | PZ3.G1848 |
| Item number | Cab |
| Classification number | PR9199.3.G3 |
| 082 00 - DEWEY DECIMAL CLASSIFICATION NUMBER | |
| Classification number | 813/.5/4 |
| 100 1# - MAIN ENTRY--PERSONAL NAME | |
| Personal name | Garner, Hugh, |
| Dates associated with a name | 1913- |
| 245 10 - TITLE STATEMENT | |
| Title | Cabbagetown; |
| Medium | [electronic resource] |
| Remainder of title | a novel. |
| 260 ## - PUBLICATION, DISTRIBUTION, ETC. | |
| Place of publication, distribution, etc. | [Toronto] |
| Name of publisher, distributor, etc. | Ryerson Press |
| Date of publication, distribution, etc. | [c1968] |
| 300 ## - PHYSICAL DESCRIPTION | |
| Extent | viii, 415 p. |
| Dimensions | 22 cm. |
| 350 ## - PRICE (NR) (BK AM CF MU VM SE) [OBSOLETE] | |
| Price | 7.95 |
| 856 41 - ELECTRONIC LOCATION AND ACCESS | |
| Uniform Resource Identifier | <a href="http://www.archive.org/details/cabbagetownnovel00garn">http://www.archive.org/details/cabbagetownnovel00garn</a> |
| Public note | Free eBook from the Internet Archive |
| 856 42 - ELECTRONIC LOCATION AND ACCESS | |
| Uniform Resource Identifier | <a href="http://www.openlibrary.org/books/OL21504218M">http://www.openlibrary.org/books/OL21504218M</a> |
| Public note | Additional information and access via Open Library |
| Withdrawn status | Lost status | Damaged status | Not for loan | Collection | Home library | Current library | Date acquired | Total Checkouts | Full call number | Date last seen | Price effective from | Koha item type |
|---|---|---|---|---|---|---|---|---|---|---|---|---|
| Project Gutenberg | Main Library | Main Library | 05/25/2023 | PZ3.G1848 Cab PR9199.3.G3 | 05/25/2023 | 05/25/2023 | EBooks |